| 000 | 00722nam a2200205Ii 4500 | ||
|---|---|---|---|
| 003 | JO-AjNU | ||
| 008 | 230605s9999||||xx |||||||||||||| ||und|| | ||
| 017 | _a2004/3/494 | ||
| 040 |
_aJO-AjNU _bara _erda _cJO-AjNU |
||
| 041 | _aara | ||
| 050 | 1 | 4 | _aHG1607.A7.M33 2004 |
| 100 | 3 |
_aشكري،ماهر, _eauthor _930770 |
|
| 245 | 0 | 0 | _aالعمليات المصرفية الخارجية |
| 264 | 3 | 1 | _aعمان: دار الحامد للنشر والتوزيع، 2004 |
| 300 |
_a493ص _bيحتوي على ببلوغرافية من 491-493ص |
||
| 336 |
_atext _btxt _2rdacontent |
||
| 337 |
_aunmediated _bn _2rdamedia |
||
| 338 |
_avolume _bnc _2rdacarrier |
||
| 650 | 4 |
_aادارة بنوك- تنظيم وادارة _930771 |
|
| 999 |
_aA12236 _c15804 _d15804 |
||